OG Brain Rot Quiz - Statistics

General Stats
  • This quiz has been taken 175 times
  • The average score is 12 of 15
Answer Stats
Question Answer % Correct
Finish the Sentence: "HE NEED SOME _____!!!" Milk
94%
Name of a Canine that has its own "Meme Coin" and also inspired a "Clicker" game called "____ Miner" Doge
92%
Whats 9+10? 21
87%
The Quizzes name has the word OG. What does that mean? Original Gangster
86%
App where a lot of OG memes are from that sadly was shut down Vine
86%
What was the name of the Gorilla that became a meme Harambe
85%
"Poptart Cat" that shoots rainbows out of its butt Nyan Cat
83%
What meme was a fat version of a Loony Tunes Character Big Chungus
82%
What does Uganda Knuckles Say Do you know the way?
79%
Name of the Cat that became a meme due to its seemingly Irritable Expression Grumpy Cat
79%
What Meme comes from the movie "21 Jump street" My name is Jeff
78%
Whos is so powerful that Ghosts sit around the campfire and tell stories of this guy Chuck Norris
74%
Name of the song that is a "Fortnite Based Parody" of "American Boy" by Estelle featuring Kanye West Chug jug with you
72%
What does MLG stand for Major League Gaming
68%
Name of the meme that was a Green frog riding a unicycle Dat Boi
63%
No matching quizzes found
Score Distribution
Percent of People with Each Score
Percentile by Number Answered
Your Score History
You have not taken this quiz